The Sorcerers Stone Quiz - Harry Potter - Statistics

General Stats
  • This quiz has been taken 144 times
  • The average score is 21 of 30
Answer Stats
Hint Answer % Correct
What is the main character's name? Harry
100%
What school does Harry attend? Hogwarts
99%
What house is Harry in? Gryffindor
98%
Who is Harry's school nemesis? Draco
94%
Who is the Potions Master? (Last name) Snape
93%
Draco is in what House? Slytherin
90%
The Dursley's live at Number _ Privet Drive. 4
89%
What is the headmasters name? Albus Dumbledore
89%
What is the sign of Slytherin? Snake
87%
What is the House for "those of wit and learning"? Ravenclaw
85%
Snape refereed when Gryffindor played against what House? Hufflepuff
84%
Who is Harry's second for the duel? Ron
83%
Where did Dudley and Piers go for his birthday? The ____. Zoo
82%
What color turban does Quirinus Quirrell wear? Purple
79%
What are Hermione's parent's jobs? Dentists
78%
Who is the Quidditch Captain for Gryffindor? Oliver Wood
78%
What is the gamekeepers last name? Hagrid
75%
What spell makes objects levitate? Wingardium Leviosa
75%
Who is Malfoy's second for the duel? Crabbe
73%
The Sorcerers Stone turns metal into _____. Gold
70%
What is the second book called? Harry Potter and the Chamber of Secrets
70%
What does Neville get from his gran? Remembrall
60%
How many trees are in the Great Hall at Christmastime? 12
59%
What kind of snake did Harry talk to? Boa Constrictor
56%
Where was the snake from? Brazil
54%
Who is Dudley's best friend? Piers Polkiss
45%
How old is Nicolas Flamel? 665
29%
What is Nicolas' wife's name? Perenelle
27%
How old is she? 658
24%
What spell is the Leg-Locker Curse? Locomotor Mortis
14%
No matching quizzes found
Score Distribution
Percent of People with Each Score
Percentile by Number Answered
Your Score History
You have not taken this quiz